Cantos y cuentos (Record no. 164626)

MARC details
000 -LEADER
campo de control de longitud fija 00607nam a22001575i 4500
001 - NÚMERO DE CONTROL
campo de control 164626
003 - IDENTIFICADOR DE NÚMERO DE CONTROL
campo de control ES-MaACL
005 - FECHA Y HORA DE LA ÚLTIMA TRANSACCIÓN
campo de control 20230906212955.0
008 - DATOS DE LONGITUD FIJA--INFORMACIÓN GENERAL
campo de control de longitud fija 950206s1877 sp |||| | spa d
040 ## - FUENTE DE CATALOGACIÓN
Centro catalogador/agencia de origen CLM
Lengua de catalogación spa
Centro/agencia transcriptor CCPB | PA2
100 1# - ENTRADA PRINCIPAL--NOMBRE DE PERSONA
Nombre de persona Sánchez-Arjona, José.
9 (RLIN) 133051
245 10 - MENCIÓN DEL TÍTULO
Título Cantos y cuentos
Resto del título : poesías /
Mención de responsabilidad, etc. José Sánchez-Arjona.
260 ## - PUBLICACIÓN, DISTRIBUCIÓN, ETC.
Lugar de publicación, distribución, etc. Sevilla :
Nombre del editor, distribuidor, etc. Imp. de Gironés y Orduña, Editores,
Fecha de publicación, distribución, etc. 1877.
300 ## - DESCRIPCIÓN FÍSICA
Extensión 480 p. ;
Dimensiones 19 cm.
852 ## - LOCALIZACIÓN
Ubicación ES-MaACL
Número de control de estantería G-12099
Nota libre -- Enc. pasta española
-- -- Dedic. ms. del autor a la biblioteca del Ateneo de Madrid
Encuadernación -- Edic.: El ejemplar tiene 180 p.
Holdings
Estatus retirado Estado de pérdida Estado de daño No para préstamo Colección Biblioteca de origen Biblioteca actual Ubicación en estantería Fecha de adquisición Fuente de adquisición Total de préstamos Signatura topográfica completa Código de barras Visto por última vez Precio de reemplazo Tipo de ítem Koha
        Libros del s. XIX Biblioteca del Ateneo de Madrid Biblioteca del Ateneo de Madrid Sala Pecera Planta 3 17/01/2008     G-12099 1172573 23/02/2023 23/02/2023 Libro impreso antiguo